Govt. of
Madhya Pradesh

Normal view MARC view

Entry Personal Name

Number of records used in: 1

001 - CONTROL NUMBER

  • control field: 51833

003 - CONTROL NUMBER IDENTIFIER

  • control field: OSt

005 - DATE AND TIME OF LATEST TRANSACTION

  • control field: 20160410163425.0

008 - FIXED-LENGTH DATA ELEMENTS

  • fixed length control field: 160410|| aca||aabn | a|a d

040 ## - CATALOGING SOURCE

  • Original cataloging agency: OSt
  • Transcribing agency: OSt

100 ## - HEADING--PERSONAL NAME

  • Personal name: डॉ कशिका

670 ## - SOURCE DATA FOUND

  • Source citation: Work cat.: (OSt)48632: डॉ कशिका , सम्‍पूर्ण शिशु स्‍वास्‍थ्‍य , 2012